Memoria Historica del Instituto Agrario Dominicano 1962-2024 : (Registro nro. 24232)

Detalles MARC
000 -LEADER
fixed length control field 00694nam a22001817a 4500
003 - CONTROL NUMBER IDENTIFIER
control field DO-CoUTE
005 - DATE AND TIME OF LATEST TRANSACTION
control field 20260525150712.0
008 - FIXED-LENGTH DATA ELEMENTS--GENERAL INFORMATION
fixed length control field 260525b dr ||||| |||| 00| 0 spa d
040 ## - CATALOGING SOURCE
Original cataloging agency DO-CoUTE
Language of cataloging spa
Transcribing agency DO-CoUTE
082 ## - DEWEY DECIMAL CLASSIFICATION NUMBER
Classification number R RD333.317293G216m
110 1# - MAIN ENTRY--CORPORATE NAME
Corporate name or jurisdiction name as entry element Instituto Agrario Dominicano
245 12 - TITLE STATEMENT
Title Memoria Historica del Instituto Agrario Dominicano 1962-2024 :
Remainder of title Casos y cosas de la reforma Agraria Republica Dominicana /
Statement of responsibility, etc. Agrón. Guillermo Garcia Garcia
260 ## - PUBLICATION, DISTRIBUTION, ETC.
Place of publication, distribution, etc. Republica Dominicana ;
Name of publisher, distributor, etc. Instituto Agrario Dominicano,
Date of publication, distribution, etc. 1962
300 ## - PHYSICAL DESCRIPTION
Extent 164 Paginas :
Dimensions 22x23cm,
504 ## - BIBLIOGRAPHY, ETC. NOTE
Bibliography, etc. note Incluye referencia bibliográfica e índice.
650 #4 - SUBJECT ADDED ENTRY--TOPICAL TERM
Topical term or geographic name entry element Memoria historica
942 ## - ADDED ENTRY ELEMENTS (KOHA)
Source of classification or shelving scheme Dewey Decimal Classification
Koha item type Libros
Existencias
Withdrawn status Lost status Source of classification or shelving scheme Damaged status Not for loan Collection code Home library Current library Shelving location Date acquired Inventory number Total Checkouts Full call number Barcode Date last seen Copy number Price effective from Koha item type
    Dewey Decimal Classification     Colección de Referencia Biblioteca UTECO Biblioteca UTECO En Estantería 05/25/2026 023743   R RD333.317293G216m 023743 05/25/2026 Ej.1 05/25/2026 Libros
© 2021 Derechos Reservados UTECO - Teléfono: +1 809-585-2291 - Correo electrónico: biblioteca@uteco.edu.do​  
Código postal 43000 ​​
Dirección: Avenida Universitaria No. 100, 
Cotuí, Provincia Sánchez Ramírez, República Dominicana - RNC: 404-00059-6